| 000 | 00372nam a22001697a 4500 | ||
|---|---|---|---|
| 005 | 20160630091515.0 | ||
| 008 | 160630b xxu||||| |||| 00| 0 eng d | ||
| 020 | _a0-07-53123-4 | ||
| 041 | _aeng | ||
| 082 | _b10891 | ||
| 100 |
_aTurner, Marcialayton _93254 |
||
| 245 | _aMarketing Minds | ||
| 260 | _bTMH | ||
| 300 | _a183 | ||
| 650 |
_aManagement _9241 |
||
| 942 | _cBK | ||
| 999 |
_c4801 _d4799 |
||